| 000 | 01672cam a22003614a 4500 | ||
|---|---|---|---|
| 001 | 14439920 | ||
| 005 | 20230417132841.0 | ||
| 008 | 060706s2006 enka b 001 0 eng | ||
| 010 | _a 2006022372 | ||
| 020 | _a9780521685139 | ||
| 020 | _a0521685133 | ||
| 040 |
_aDLC _cDLC _dDLC |
||
| 050 | 0 | 0 |
_aK2251 _b.K44 2006 |
| 082 | 0 | 0 |
_a340.0711 _bKEE |
| 100 | 1 |
_aKee, Christopher. _9111949 |
|
| 245 | 1 | 4 |
_aThe art of argument / _cChristopher Kee. |
| 260 |
_aCambridge [UK] ; _aNew York : _bCambridge University Press, _c2006. |
||
| 300 |
_axv, 151 p. : _bill. ; _c22 cm. |
||
| 504 | _aIncludes bibliographical references (p. 111-125) and index. | ||
| 505 | 0 | _aWhat is mooting? -- You've made the team, what next? -- Being part of a team - Building an argument -- Written documents -- Oral submissions -- Practice moots -- The competition itself -- After it's all over. | |
| 650 | 0 |
_aTrial practice. _9111950 |
|
| 650 | 0 |
_aMoot courts _xStudy and teaching. _9111951 |
|
| 650 | 0 |
_aLegal briefs. _9111952 |
|
| 650 | 0 |
_aForensic oratory. _9111953 |
|
| 650 | 0 |
_aPersuasion (Rhetoric) _911526 |
|
| 650 | 0 |
_aLaw _xStudy and teaching. _9111954 |
|
| 856 | 4 | 1 |
_3Table of contents only _uhttp://www.loc.gov/catdir/toc/ecip0617/2006022372.html |
| 856 | 4 | 2 |
_3Publisher description _uhttp://www.loc.gov/catdir/enhancements/fy0702/2006022372-d.html |
| 856 | 4 | 2 |
_3Contributor biographical information _uhttp://www.loc.gov/catdir/enhancements/fy0803/2006022372-b.html |
| 906 |
_a7 _bcbc _corignew _d1 _eecip _f20 _gy-gencatlg |
||
| 942 |
_2ddc _cBK |
||
| 999 |
_c594531 _d594531 |
||